Catálogo
 En Linea

Manual para ingenieros azucareros / (Registro nro. 24118)

Detalles MARC
000 -CABECERA
campo de control de longitud fija 00785nam a2200229 a 4500
001 - NÚMERO DE CONTROL
campo de control 000024625
005 - FECHA Y HORA DE LA ÚLTIMA TRANSACCIÓN
campo de control 20200930023257.0
008 - DATOS DE LONGITUD FIJA--INFORMACIÓN GENERAL
campo de control de longitud fija 110201s1982 mx ad r 001 0 spa d
040 ## - FUENTE DE LA CATALOGACIÓN
Centro catalogador/agencia de origen DO-SdBNP
Lengua de catalogación spa
Centro/agencia transcriptor BNPHU
082 ## - NÚMERO DE LA CLASIFICACIÓN DECIMAL DEWEY
Número de clasificación xxxxx
Número de documento/Ítem H896m
049 ## - FONDOS LOCALES (OCLC)
Fondos de biblioteca BNGR
100 1# - ENTRADA PRINCIPAL--NOMBRE DE PERSONA
Nombre de persona Hugot, E.
9 (RLIN) 50498
245 10 - MENCIÓN DE TÍTULO
Título Manual para ingenieros azucareros /
Mención de responsabilidad, etc. E. Hugot ; traducción Carlos Ruiz Coutiño.
250 ## - MENCIÓN DE EDICIÓN
Mención de edición 6 reimp.
260 ## - PUBLICACIÓN, DISTRIBUCIÓN, ETC.
Lugar de publicación, distribución, etc. México, D. F. :
Nombre del editor, distribuidor, etc. Cia. Editorial Continental,
Fecha de publicación, distribución, etc. 1982.
300 ## - DESCRIPCIÓN FÍSICA
Extensión 803 p. :
Otras características físicas il., retrs. ;
Dimensiones 26 cm.
500 ## - NOTA GENERAL
Nota general Incluye índice
500 ## - NOTA GENERAL
Nota general Incluye índice de autores.
500 ## - NOTA GENERAL
Nota general Incluye notas al pie de las páginas.
534 ## - NOTA SOBRE LA VERSIÓN ORIGINAL
Frase introductoria Título original en francés:
Mención de título del original La sucrerie de cannes
Publicación, distribución, etc. del original París : Dunod
700 1# - PUNTO DE ACCESO ADICIONAL--NOMBRE DE PERSONA
Nombre de persona Ruiz Coutiño, Carlos,
Término indicativo de función/relación tr.
9 (RLIN) 50499
Existencias
Estado de retiro Estado de pérdida Restricciones de uso No para préstamo Código de colección Localización permanente Ubicación/localización actual Ubicación en estantería Fecha de adquisición Número de inventario Total de préstamos Signatura topográfica completa Código de barras Fecha visto por última vez Precio válido a partir de Tipo de ítem Koha
        Monografías: Libros y Folletos General General En catalogación 01.02.2011 LF1   xxxxx H896m 24625-10 25.06.2020 25.06.2020 Préstamo en sala

Con tecnología Koha